Cosas nuevas y viejas (Record no. 52332)

MARC details
000 -LEADER
campo de control de longitud fija 00659nam a2200205 i 4500
001 - NÚMERO DE CONTROL
campo de control 52332
003 - IDENTIFICADOR DE NÚMERO DE CONTROL
campo de control ES-MaACL
005 - FECHA Y HORA DE LA ÚLTIMA TRANSACCIÓN
campo de control 20251003151557.0
007 - CAMPO FIJO DE DESCRIPCIÓN FÍSICA--INFORMACIÓN GENERAL
campo de control de longitud fija t|
008 - DATOS DE LONGITUD FIJA--INFORMACIÓN GENERAL
campo de control de longitud fija 030828s1904 sp ||||1| spa d
080 ## - NÚMERO DE LA CLASIFICACIÓN DECIMAL UNIVERSAL
Número de la Clasificación Decimal Universal 94(460.353 S.)(089.3)
100 1# - ENTRADA PRINCIPAL--NOMBRE DE PERSONA
Nombre de persona Chaves, Manuel,
Fechas asociadas al nombre 1870-1914
9 (RLIN) 38263
245 10 - MENCIÓN DEL TÍTULO
Título Cosas nuevas y viejas
Resto del título : (apuntes sevillanos) /
Mención de responsabilidad, etc. Manuel Chaves ; prólogo de José Nogales.
260 ## - PUBLICACIÓN, DISTRIBUCIÓN, ETC.
Lugar de publicación, distribución, etc. Sevilla :
Nombre del editor, distribuidor, etc. [s.n.,
Fecha de publicación, distribución, etc. 1904] (
Fabricante Tip. Sauceta)
300 ## - DESCRIPCIÓN FÍSICA
Extensión 5 h., 307 p. ;
Dimensiones 22 cm.
651 #4 - PUNTO DE ACCESO ADICIONAL DE MATERIA--NOMBRE GEOGRÁFICO
Nombre geográfico Sevilla-
Subdivisión de forma Curiosidades.
9 (RLIN) 9382
700 1# - ENTRADA AGREGADA--NOMBRE PERSONAL
Nombre de persona Nogales, José,
Fechas asociadas al nombre 1860-1908
9 (RLIN) 85840
852 ## - LOCALIZACIÓN
Ubicación ES-MaACL
Número de control de estantería G-7971
Holdings
Estatus retirado Estado de pérdida Estado de daño No para préstamo Biblioteca de origen Biblioteca actual Ubicación en estantería Fecha de adquisición Fuente de adquisición Total de préstamos Signatura topográfica completa Código de barras Visto por última vez Precio de reemplazo Tipo de ítem Koha
        Biblioteca del Ateneo de Madrid Biblioteca del Ateneo de Madrid Sala Pecera Planta 3 17/01/2008     G-7971 1055012 23/02/2023 23/02/2023 Libro impreso